US Coast Guard Ranks - Statistics

General Stats
  • This quiz has been taken 129 times
  • The average score is 17 of 26
Answer Stats
Hint Answer % Correct
E-3 Seaman
91%
E-7 Chief Petty Officer
81%
E-1 Seaman Recruit
80%
O-3 Lieutenant
79%
O-10 Admiral
78%
E-2 Seaman Apprentice
77%
O-6 Captain
74%
O-1 Ensign
73%
O-8 Rear Admiral
73%
E-9 Master Chief Petty Officer
72%
E-6 Petty Officer First Class
70%
E-4 Petty Officer Third Class
69%
E-5 Petty Officer Second Class
68%
O-5 Commander
67%
O-9 Vice Admiral
67%
WO-1 Warrant Officer 1
64%
WO-2 Chief Warrant Officer 2
63%
WO-3 Chief Warrant Officer 3
63%
WO-4 Chief Warrant Officer 4
63%
WO-5 Chief Warrant Officer 5
63%
E-8 Senior Chief Petty Officer
63%
O-4 Lieutenant Commander
62%
O-7 Rear Admiral Lower Half
62%
O-2 Lieutenant Junior Grade
59%
E-9 Command Master Chief Petty Officer
41%
E-8 Command Senior Chief Petty Officer
26%
No matching quizzes found
Score Distribution
Percent of People with Each Score
Percentile by Number Answered
Your Score History
You have not taken this quiz